| 000 | 00686cam a2200169 4500 | ||
|---|---|---|---|
| 008 | 090224s1963 mx spa | ||
| 035 | _aa479316 | ||
| 050 | 0 | 4 |
_aKGF2921 .Z95 [1961] _bR47 1963 |
| 245 | 0 | 0 |
_aRepertorio anual de legislación nacional y extranjera / _cSelec., ordenación y concordancias Javier Elola. |
| 260 |
_aMéxico : _bUNAM, Imprenta Universitaria, _c1963 |
||
| 300 |
_av. ; _c24 cm. |
||
| 650 | 7 |
_aDerecho _xHistoria y crítica _zMéxico _vAnuarios _2Lemb |
|
| 650 | 7 |
_aDerecho comparado _zMéxico _vAnuarios _2Lemb |
|
| 700 | 1 | _aElola, Javier, selec. | |
| 710 | 2 |
_aUniversidad Nacional Autónoma de México. _bInstituto de Derecho Comparado |
|
| 942 |
_2lcc _cLIB |
||
| 999 |
_c69699 _d69699 |
||